'E' Logos Close-Up Quiz Stats

 Plays Quiz Updated Sep 2, 2019

Score 0/20 Timer 06:00
2 Plays Today
Hint Answer % Correct
Energizer
95.5%
ESPN
94.1%
eBay
92.9%
Philadelphia Eagles
91%
Evian
89%
ExxonMobil
86.6%
EA Sports
84.7%
Esso
80.7%
Emirates
76.4%
Enterprise Rent-A-Car
73.8%
Hint Answer % Correct
Expedia
63.9%
Estée Lauder
60.7%
E*TRADE
48.9%
ENERGY STAR
48.3%
Exide
42.3%
Excel
37.2%
Edge
33.9%
Everton F.C.
31.2%
Evernote
18.7%
EMS
14.2%

You're not logged in!

Compare scores with friends on all Sporcle quizzes.
OR
Log In

Sporcle TV

Today on Sporcle TV


Watch our educational content, quiz creation guides, and fun videos on Sporcle TV.

Show Comments

Extras

Top Quizzes Today


Score Distribution

Your Account Isn't Verified!

In order to create a playlist on Sporcle, you need to verify the email address you used during registration. Go to your Sporcle Settings to finish the process.

Report this User

Report this user for behavior that violates our Community Guidelines.

Details: